Production Planning and Inventory Control

Uložené v:
Podrobná bibliografia
Hlavný autor: MacLeavey, Dennis W.
Ďalší autori: Narasimhan, Seetharama L.
Médium: Kniha
Jazyk:English
Vydavateľské údaje: Boston Allyn and Bacon 1985
Vydanie:1. ed.
Predmet:
Tagy: Pridať tag
Žiadne tagy, Buďte prvý, kto otaguje tento záznam!

MARC

LEADER 00000nam a2200000 4500
001 c009667
005 20221207074054.0
020 |a 0-205-08147-9 
041 0 |a eng 
044 |a US 
245 1 0 |a Production Planning and Inventory Control  |c Dennis W. MacLeavey, Seetharama L. Narasimhan 
250 |a 1. ed. 
264 1 |a Boston  |b Allyn and Bacon  |c 1985 
300 |a 731 s. 
610 2 0 |a výroba 
610 2 0 |a plánovanie výroby 
610 2 0 |a kontrola výroby 
610 2 0 |a investori 
610 2 0 |a programovanie matematické 
610 2 0 |a programy výrobné 
100 1 |a MacLeavey, Dennis W. 
700 1 |a Narasimhan, Seetharama L.